Govt. of
Madhya Pradesh

The Steel Handbook (Record no. 31687)

MARC details
000 -LEADER
fixed length control field 004730000a22001810004500
003 - CONTROL NUMBER IDENTIFIER
control field MACL
005 - DATE AND TIME OF LATEST TRANSACTION
control field 20160123135616.0
008 - FIXED-LENGTH DATA ELEMENTS--GENERAL INFORMATION
fixed length control field 160123b xxu||||| |||| 00| 0 eng d
040 ## - CATALOGING SOURCE
Original cataloging agency MACL
Transcribing agency MACL
041 ## - LANGUAGE CODE
Language code of text/sound track or separate title English
082 ## - DEWEY DECIMAL CLASSIFICATION NUMBER
Classification number 669.142/NAY
100 ## - MAIN ENTRY--PERSONAL NAME
Personal name Nayar, Alok
9 (RLIN) 34302
245 ## - TITLE STATEMENT
Title The Steel Handbook
260 ## - PUBLICATION, DISTRIBUTION, ETC. (IMPRINT)
Name of publisher, distributor, etc. Tata McGraw Hill Publishing Com Ltd
Date of publication, distribution, etc. 2002
Place of publication, distribution, etc. New Delhi
350 ## - PRICE (NR) (BK AM CF MU VM SE) [OBSOLETE]
Price 2500
650 ## - SUBJECT ADDED ENTRY--TOPICAL TERM
Topical term or geographic name as entry element Chemical Engineering
9 (RLIN) 6967
942 ## - ADDED ENTRY ELEMENTS (KOHA)
Koha item type Books
Call number prefix 669.142/NAY
Source of classification or shelving scheme
Holdings
Withdrawn status Lost status Source of classification or shelving scheme Damaged status Not for loan Home library Current library Date acquired Cost, normal purchase price Total Checkouts Full call number Barcode Date last seen Uniform Resource Identifier Price effective from Koha item type
          MACL MACL 15/04/2015 2500.00   669.142/NAY CLC004132 29/04/2015 31741 15/04/2015 Books